000 00269nam a2200109Ia 4500
008 240521s2007 xx 000 0 und d
041 _aeng
100 _aJADHA G.A
245 _aANTARANG POLISANCHE, KAVYASANGRAH
260 _bPRAKASH B. PRINTERS
_c2007
300 _a50
999 _c1160606
_d1160606